|
|
|
|
| LEADER |
00000nam a2200000 a 4500 |
| 001 |
vtls001516066 |
| 003 |
SK-MaSNL |
| 005 |
20260302003217.0 |
| 008 |
251112s1573 gw f 011 0 lat |
| 015 |
|
|
|a SNBHFA
|
| 035 |
|
|
|a 14505Bec
|
| 035 |
|
|
|a urn:nbn:sk:snk-am3izhj
|
| 035 |
|
|
|a E15EDC0C-5AB0-4098-AC58-78B010D2E298
|
| 035 |
|
|
|a urn:nbn:sk:snk-am00gdnf
|
| 040 |
|
|
|a SNKHF
|b slo
|c SNKHF
|e rda
|
| 041 |
0 |
|
|a lat
|
| 044 |
|
|
|a gw
|c DE
|
| 072 |
|
7 |
|a 5
|x Prírodné vedy. Matematické vedy
|2 konspekt
|
| 080 |
|
|
|a 5
|2 2011
|
| 080 |
|
|
|a 93/94
|2 2011
|
| 100 |
1 |
|
|a Plinius Caecilius Secundus, Gaius,
|d 61-113
|4 aut
|9 53662
|
| 245 |
1 |
0 |
|a C. Plinij Liber Secvndvs, De Mvndi Historia, Cvm Ervdito Commentario V. cl. Iacobi Milichii, Diligenter conscripto: & nunc denuo ex praelectionibus publ. in Academia Vitebergensi recognito, pluribusq; in locis aucto & à mendis repurgato: opera & studio Bartolemaei Schonbornii. Epigramma. Astrorum cursus, formamq; micantis Olympi
|
| 264 |
|
3 |
|a Lipsiae
|b Imprimebat Iohannes Steinman Typis Voegelianis
|c MDLXXIII (1573)
|
| 300 |
|
|
|a 636, to jest 634 strán, 12 nečíslovaných strán
|c 8°
|c 20 cm
|
| 336 |
|
|
|a text
|b txt
|2 rdacontent
|
| 337 |
|
|
|a bez média
|b n
|2 rdamedia
|
| 338 |
|
|
|a zväzok
|b nc
|2 rdacarrier
|
| 500 |
|
|
|a Signet, reprezentanty iniciálok na 7 riadkov, astronomické tabuľky a nákresy
|
| 501 |
|
|
|a Príväzok 1.: SCULTETUS, Bartholomaeus. Computus Ecclesiasticus. Gedruckt zu Görlitz: Durch Ambrosium Fritsch, 1574. 8°.
|5 SNK IC 62336/prív.1
|
| 501 |
|
|
|a Príväzok 2.: WEISE, Nikolaus. Prognosticon. Gedruckt zu Dreßden: durch Matthes Stöckel, 1574. 8°.
|5 SNK IC 62336/prív.2
|
| 501 |
|
|
|a Príväzok 3.: URSINUS, Adam.Wunderzeichen der 4. Sonnen. Gedruckt zu Erfurt: durch Georgium Bawman, 1575. 8°.
|5 SNK IC 62336/prív.3
|
| 504 |
|
|
|a Marginálie, kustody
|
| 508 |
|
|
|a Dedikácia: Georg III. - knieža z Anhalt-Plötzkau; Milich, Jakob starší; Príležitostné básne: Casanova, Marcantonio; Aemilius, Georg
|
| 510 |
4 |
|
|a VD 16
|c P/3549
|
| 546 |
|
|
|a Latinčina
|b Antiqua
|b Kurzíva
|
| 550 |
|
|
|a Impresum je doplnené z kolofónu
|
| 561 |
|
|
|a Z knižnice františkánov Beckov.
|5 SNK IC 144786
|
| 561 |
|
|
|a Proveniencia: okrúhla pečiatka: Nyitravármegyei Muzeum. - rukopisný záznam na titulnom liste: M. Kisely. - Johannis Sextil Ao 1725 signat Cremnitzij const 8 gros.
|5 SNK ID 15880
|
| 561 |
|
|
|a Rukopisný provenienčný záznam na titulnom liste: 1574 Súm Leopoldi Groelarij Hippolijte [...].
|5 SNK IC 15880 D1
|
| 562 |
|
|
|a Rukopisná poznámka: Conventus Beczkoviensis Fratrum Minorum S. Franci Reformatus.
|5 SNK IC 144786
|
| 562 |
|
|
|a Defektný exemplár: chýba záver tlače.
|5 SNK ID 15880
|
| 563 |
|
|
|a Väzba: pôvodná, renesančná, bledá koža s ornamentálnou a figurálnou slepotlačou.
|5 SNK IC 144786
|
| 563 |
|
|
|a Väzba: previazaná, tmavohnedá hladká koža.
|5 SNK ID 15880
|
| 563 |
|
|
|a Väzba: renesančná, drevené dosky, svetlohnedá koža s rámcovou ornamentálnou slepotlačou s centrálnym figurálnym motívom s nezreteľným textom, kovové spony, poškodené.
|5 SNK ID 1580 D1
|
| 563 |
|
|
|a Väzba: svetlohnedá koža so slepotlačou, stopy po dvoch kovových sponách.
|5 SNK IC 62336
|
| 650 |
0 |
7 |
|a prírodné vedy
|2 SNKPH
|9 694
|
| 650 |
0 |
7 |
|a dejiny
|2 SNKPH
|9 3825
|
| 700 |
1 |
|
|a Aemilius, Georg,
|d 1517-1569
|4 ctb
|9 72328
|
| 700 |
1 |
|
|a Milich, Jakob,
|c starší,
|d 1501-1559
|4 dto
|4 cwt
|9 129258
|
| 700 |
1 |
|
|a Steinmann, Hans,
|d zomrel 1588
|4 prt
|9 172804
|
| 700 |
1 |
|
|a Schönborn, Bartholomaeus,
|d 1530-1585
|4 edt
|9 130514
|
| 700 |
0 |
|
|a Georg
|b III.,
|c knieža z Anhalt-Plötzkau,
|d 1507-1553
|4 hnr
|9 170903
|
| 700 |
1 |
|
|a Casanova, Marcantonio,
|d 16. storočie
|4 ctb
|9 127018
|
| 700 |
1 |
|
|a Kisely, Michael
|4 fmo
|9 436145
|
| 700 |
1 |
|
|a Sextius, Johannes
|4 fmo
|9 420530
|
| 700 |
1 |
|
|a Groelar, Leopold
|4 fmo
|9 641599
|
| 710 |
1 |
|
|a Steinmann, Hans - Vögelin, Ernst (Lipsko, Nemecko),
|d 1570-1578
|4 prt
|9 172805
|
| 710 |
2 |
|
|a Františkáni (Beckov, Slovensko)
|4 fmo
|9 356208
|
| 710 |
2 |
|
|a Župné múzeum (Nitra, Slovensko)
|4 fmo
|9 177162
|
| 752 |
|
|
|a Nemecko
|d Lipsko
|
| 852 |
|
|
|a snk
|b Františkáni Beckov
|p IC 144786
|
| 852 |
|
|
|a snk
|b Historické fondy
|p IC 15880
|
| 852 |
|
|
|a snk
|b Historické fondy
|p IC 15880 D1
|
| 852 |
|
|
|a snk
|b Historické fondy
|p IC 62336
|
| 958 |
|
|
|a ONDV
|
| 958 |
|
|
|a DA
|
| 999 |
|
|
|c 991034
|d 992964
|
| 952 |
|
|
|t Tlače 16. storočia
|a SNK
|b SNK
|c SNK_HF
|y PREZ
|7 0
|p 17A1399506
|o snkIC 62336
|i snkK 415/89
|8 3
|0 0
|1 0
|4 0
|d 2022-05-04
|l 0
|r 2026-02-24 11:48:33
|w 2026-02-24
|
| 952 |
|
|
|t Tlače 16. stor.
|a SNK
|b SNK
|c SNK_HF
|y PREZ
|7 0
|p 17A1484260
|o snkIC 15880
|i snkKIF 908/56
|8 5
|0 0
|1 0
|4 0
|d 2022-03-03
|l 0
|r 2026-02-24 11:48:33
|w 2026-02-24
|
| 952 |
|
|
|t Tlače 16. stor.
|a SNK
|b SNK
|c SNK_HF
|y PREZ
|7 0
|p 17A1484261
|o snkIC 15880 D1
|i snkF 1352/74
|8 5
|0 0
|1 0
|4 0
|d 2022-03-03
|l 0
|r 2026-02-24 11:48:33
|w 2026-02-24
|
| 952 |
|
|
|t Fr Bec 14 505
|a SNK
|b SNK
|c SNK_HF
|y PREZ
|7 0
|p 17A1356412
|o snkIC 144786
|i snk2019/18432
|8 5
|0 0
|1 0
|4 0
|d 2005-04-05
|f 1
|l 0
|r 2005-04-05 00:00:00
|w 2026-02-24
|